000 01523nam a2200205Ia 4500
003 Ost
005 20260507075114.0
008 260507s9999||||xx |||||||||||||| ||und||
040 _cfsecg
041 _aara
082 _a0
100 _aالصباغ، عماد عبد الوهاب
_eمؤلف
245 0 _aالمفاهيم الحديثة في أنظمة المعلومات الحاسوبية /
_c عماد عبد الوهاب الصباغ
260 _aعمان:
_bمكتبة دار الثقافة للنشر,
_c1997
300 _a354 صفحة؛
_bإيضاحات ؛
_c24 سم
490 _aسلسلة الكمبيوتر باللغة العربية-2-
520 _aالمفاهيم العامة لأنظمة المعلومات الحاسوبية،حل المشاكل بواسطة نظام المعلومات الحاسوبي،التخطيط الاستراتيجي لنظام المعلومات الحاسوبي،تطوير نظام المعلومات الحاسوبي،تحليل نظام المعلومات الحاسوبي،التصميم المفصل لنظام المعلومات الحاسوبي:النماذج والاجراءات،التصميم المفصل لنظام المعلومات الحاسوبي الاتصالات،تطوير قاعدة البيانات واعتبارات التصميم،بناء الملفات،تقويم وتبرير النظامتنصيب نظام المعلومات الحاسوبي
653 _aنظم المعلومات- المؤسسة الممتدة
942 _cكتاب
999 _c42972
_d42972